000 00750nam a2200181 i 4500
001 62057
003 ES-MaACL
005 20251105063130.0
007 t|
008 031117s1913 sp ||||1| spa d
100 1 _aFaura i Sans, M.,
_d1883-1941
_948954
245 1 0 _aSintesis estratigráfica de los Terrenos Primarios de Cataluña, con una descripción de los yacimientos fosiliferos más principales
_b: Memoria presentadas a la Facultad de Ciencias de Madrid... para... el grado de Doctor en Ciencia Naturales /
_cpor Mariano Faura y Sans.
260 _aMadrid :
_b[s.n.],
_c1913 (
_fFortanet)
300 _a202 p., 9 lám. :
_bil. ;
_c26 cm.
502 _aTesis doctoral.
852 _aES-MaACL
_jT-1368-F-10
999 _c62057
_d62057